000 00467nam a22001817a 4500
003 MPLRDC
005 20220104114506.0
008 210129b ||||| |||| 00| 0 eng d
082 _a857.23 GGW
100 _a郭广伟、郭杰
245 _a搜神记选
_c
250 _a一版一刷
260 _a
_b福建教育出版社
_c1987
300 _b
490 _a中国古典文学作品选读丛书
650 _a小说--笔记; 异闻
942 _cBK
_o857.23 GGW
999 _c7888
_d7878